ESTADISTICA UNIVERSITARIA

Guardado en:
Bibliografiske detaljer
Institution som forfatter: UCR. FCE. IICE
Format: Texto
Udgivet: San José: Universidad de Costa Rica
Fag:
Tags: Tilføj Tag
Ingen Tags, Vær først til at tagge denne postø!

MARC

LEADER 00000 a a2200000 04500
001 20434
003
040
090 |a 077200  
110 |a UCR. FCE. IICE  
245 |a ESTADISTICA UNIVERSITARIA  
260 |a San José:   |b Universidad de Costa Rica  
300 |a 210 p.  
650 |a Cuadros  
999 |c 12278  |d 12278